Fronteras más largas #2 - Estadísticas

Estadísticas generales
  • Esta prueba ha sido intentada 10.436 veces
    7.443 desde el último reinicio
  • La puntuación promedio es 19 de 22
Estadísticas de respuestas
Medida País Frontera más larga % Correcto
8,893 km Estados Unidos Canadá
100%
1,619 km Suecia Noruega
98%
1,416 km Corea del Norte China
97%
360 km Irlanda Reino Unido
96%
4,677 km China Mongolia
94%
1,458 km Iran Irak
93%
1,214 km España Portugal
91%
453 km Letonia Lituania
89%
330 km Costa Rica Panamá
89%
1,937 km Sudán Sudán del Sur
87%
3,400 km Brasil Bolivia
86%
620 km Bélgica Francia
86%
6,846 km Rusia Kazajistán
84%
676 km Oman Arabia Saudita
82%
1,690 km Nepal India
81%
1,782 km Indonesia Malasia
81%
2,912 km Pakistán India
79%
1,800 km Tailandia Birmania
76%
494 km Grecia Bulgaria
75%
912 km Eritrea Etiopía
74%
815 km Alemania República Checa
73%
375 km Líbano Siria
72%
No se encontraron pruebas coincidentes
Distribución de puntuación
Porcentaje de gente con cada puntuación
Porcentaje por número respondido
Historial de tus puntuaciones
No has intentado esta prueba desde el último reinicio